Evaluación de recursos y estresores psicosociales en la comunidad /
En este libro se desarrolla el tema de los recursos psicosociales que ayudan a reducir y/o proteger al individuo de los efectos de los estresores psicosociales. En la primera parte se analizan algunos conceptos teóricos tales como la importancia del apoyo social ante el estrés, sus determinantes y l...
Gespeichert in:
| 1. Verfasser: | |
|---|---|
| Weitere Verfasser: | , |
| Format: | Buch |
| Sprache: | Spanisch |
| Veröffentlicht: |
Madrid, España :
Síntesis,
2002, c2002
|
| Schriftenreihe: | (Análisis e Intervención Social ;
2) |
| Schlagworte: | |
| Tags: |
Keine Tags, Fügen Sie das erste Tag hinzu!
|
MARC
| LEADER | 00000nam^a2200000^a^4500 | ||
|---|---|---|---|
| 001 | 000149307 | ||
| 005 | 20250521000000.0 | ||
| 009 | 20260310100057.108 | ||
| 020 | |a 84-9756-021-3 | ||
| 037 | |a Acervo ITESO - Biblioteca | ||
| 041 | |a ESP | ||
| 082 | |a 155. 9042 |b GRA | ||
| 100 | |a Gracia Fuster, Enrique |e (autor) | ||
| 245 | 1 | 0 | |a Evaluación de recursos y estresores psicosociales en la comunidad / |c E. Gracia Fuster, J. Herrero Olaizola, G. Musitu Ochoa. |
| 264 | 4 | |a Madrid, España : |b Síntesis, |c 2002, c2002 | |
| 300 | |a 156 p. | ||
| 336 | |a texto |b txt |2 rdacontenido | ||
| 337 | |a sin mediación |b n |2 rdamedio | ||
| 338 | |a volumen |b nc |2 rdasoporte | ||
| 440 | 1 | |a (Análisis e Intervención Social ; |v 2) | |
| 520 | |a En este libro se desarrolla el tema de los recursos psicosociales que ayudan a reducir y/o proteger al individuo de los efectos de los estresores psicosociales. En la primera parte se analizan algunos conceptos teóricos tales como la importancia del apoyo social ante el estrés, sus determinantes y los efectos del apoyo social en la salud y el bienestar. En la segunda parte se abordan los aspectos aplicados y se ofrecen instrumentos de evaluación de recursos y estresores psicosociales. | ||
| 649 | |a XX | ||
| 650 | |a Estrés | ||
| 650 | |a Estilos de Afrontamiento | ||
| 650 | |a Apoyo Social | ||
| 650 | |a Redes Sociales | ||
| 650 | |a Psicoterapia | ||
| 650 | |a Psicología Clínica | ||
| 650 | |a Psicología de la Salud | ||
| 650 | |a Psicología Social | ||
| 700 | |a Herrero Olaizola, Juan |e (autor) | ||
| 700 | |a Musitu Ochoa, Gonzalo |e (autor) | ||
| 910 | |a Fondo General | ||
| 920 | |a Impresos - Libros | ||
| 930 | |a Colección General | ||
| 905 | |a 101 | ||
| 901 | |a 0500078823 |b IT1 |c ACC |u 20250521 | ||
| 902 | |a https://opac.biblio.iteso.mx/vufind/Record/000149307 | ||